| 000 | 00559nam a2200145 a 4500 | ||
|---|---|---|---|
| 001 | 000029028 | ||
| 005 | 20200930055303.0 | ||
| 008 | 110413s1978 dr ac 000 0 spa d | ||
| 040 |
_aDO-SdBNP _bspa _cBNPHU |
||
| 111 | 2 |
_aMemoria de una celebración histórica _d(1978: _cLa Romana _n14 de septiembre ) _955946 |
|
| 245 | 1 | 4 | _aUna victoria legal. |
| 260 |
_aLa Romana, República Dominicana : _bAsociación de Colonos Azucareros de la Central Romana, _c[1978]. _fEditorial Industria de Artes Gráficas |
||
| 300 |
_a[20] p. : _bil., retrs ; _c22 cm. |
||
| 049 | _aBNPD | ||
| 999 |
_c28520 _d28520 |
||